| 000 | 00517nam a2200193Ia 4500 | ||
|---|---|---|---|
| 005 | 20250326141918.0 | ||
| 008 | 250326s9999 xx 000 0 und d | ||
| 020 | _a0-333-52707-0 | ||
| 037 | _aTextbook | ||
| 040 |
_aFMSL _beng _cFMSL |
||
| 041 |
_aeng _2eng |
||
| 084 |
_aX:8.41 N2 _qFMSL |
||
| 100 |
_aWarner M _9645413 |
||
| 245 | 0 |
_aHow chinese managers learn _cWarner M |
|
| 260 |
_aLondon _bLondon, Macmillan _c1992 |
||
| 300 | _axv,211 | ||
| 942 |
_cTB _hX:8.41 N2 |
||
| 999 |
_c1292571 _d1292571 |
||